Το παιχνίδι της ποιητικής δημιουργίας στην Ιλιάδα και την Οδύσσεια : για μια θεωρία της ομηρικής ποιητικής

Αποθηκεύτηκε σε:
Λεπτομέρειες βιβλιογραφικής εγγραφής
Κύριος συγγραφέας: Ζερβού, Αλεξάνδρα Κ.
Μορφή: Βιβλίο
Γλώσσα:Greek
Δημοσίευση: Αθήνα : Ινστιτούτο του Βιβλίου. Α. Καρδαμίτσα, 2003
Θέματα:
Ετικέτες: Προσθήκη ετικέτας
Δεν υπάρχουν, Καταχωρήστε ετικέτα πρώτοι!

MARC

LEADER 00000cam a2200000 i 4500
001 1/35403
008 030508s2003 gr | ||| |||| ||gre||
020 |a 960354132X 
035 |l 10069872 
040 |a GR-MY-UA  |b gre  |e aacr 
041 0 |a gre 
082 0 |a 883.01 
100 1 |a Ζερβού, Αλεξάνδρα Κ. 
245 1 3 |a Το παιχνίδι της ποιητικής δημιουργίας στην Ιλιάδα και την Οδύσσεια :  |b για μια θεωρία της ομηρικής ποιητικής /  |c Αλεξάνδρα Ζερβού 
260 |a Αθήνα :   |b Ινστιτούτο του Βιβλίου. Α. Καρδαμίτσα,   |c 2003 
300 |a 317 σ. 
600 0 0 |a Όμηρος,   |d 8ος αι. π.Χ.  |x Appreciation  |z United States. 
650 0 0 |a Epic poetry, Greek  |x History and criticism. 
852 |a INST  |b LESVOS  |e 20111219  |h 883.01 ΖΕΡ  |p 005100050856  |q 005100050856  |t BK  |y 0 
852 |a INST  |b RHODES  |e 20030508  |h 883.01 ΖΕΡ  |p 005400020539  |q 005400020539  |t BK  |y 0 
852 |a INST  |b RHODES  |e 20030508  |h 883.01 ΖΕΡ  |p 005400020540  |q 005400020540  |t BK  |y 0 
852 |a INST  |b RHODES  |e 20030508  |h 883.01 ΖΕΡ  |p 005400020541  |q 005400020541  |t BK  |y 0 
852 |a INST  |b RHODES  |e 20030508  |h 883.01 ΖΕΡ  |p 005400020542  |q 005400020542  |t BK  |y 0 
852 |a INST  |b RHODES  |e 20030508  |h 883.01 ΖΕΡ  |p 005400020543  |q 005400020543  |t BK  |y 0 
901 |a BIBL4-2003-1 
901 |a BIBL1-2011-3 
909 |a Ρ  |b 101764 
909 |a Λ  |b 173271 
909 |a Ρ  |b 101765 
909 |a Ρ  |b 101766 
909 |a Ρ  |b 101767 
909 |a Ρ  |b 101768 
970 |a ΚΟΥΛΑΚΙΟΤΗ  |b ΛΙΤΣΑ  |z 2003/05/08